<?xml version="1.0" encoding="UTF-8"?>
<record
    xmlns:xsi="http://www.w3.org/2001/XMLSchema-instance"
    xsi:schemaLocation="http://www.loc.gov/MARC21/slim http://www.loc.gov/standards/marcxml/schema/MARC21slim.xsd"
    xmlns="http://www.loc.gov/MARC21/slim">

  <leader>00841nam a2200277uu 4500</leader>
  <controlfield tag="001">1103659</controlfield>
  <controlfield tag="005">20260507085517.0</controlfield>
  <controlfield tag="007">co|||||||</controlfield>
  <controlfield tag="008">080917s2007                        spa  </controlfield>
  <datafield tag="035" ind1=" " ind2=" ">
    <subfield code="a">1103659</subfield>
  </datafield>
  <datafield tag="040" ind1=" " ind2=" ">
    <subfield code="c">comduadb</subfield>
  </datafield>
  <datafield tag="041" ind1=" " ind2=" ">
    <subfield code="a">spa</subfield>
  </datafield>
  <datafield tag="050" ind1=" " ind2="4">
    <subfield code="a">RA</subfield>
  </datafield>
  <datafield tag="080" ind1=" " ind2=" ">
    <subfield code="a">WA</subfield>
  </datafield>
  <datafield tag="110" ind1="1" ind2="0">
    <subfield code="a">Colombia.</subfield>
    <subfield code="b">Ministerio de la Protecci&#xF3;n Social</subfield>
    <subfield code="4">aut</subfield>
    <subfield code="e">aut</subfield>
    <subfield code="9">827417</subfield>
  </datafield>
  <datafield tag="245" ind1="1" ind2="0">
    <subfield code="a">Encuesta nacional de salud 2007</subfield>
  </datafield>
  <datafield tag="260" ind1=" " ind2=" ">
    <subfield code="a">Bogot&#xE1; :</subfield>
    <subfield code="b">Ministerio de la Protecci&#xF3;n Social,</subfield>
    <subfield code="c">2007.</subfield>
  </datafield>
  <datafield tag="300" ind1=" " ind2=" ">
    <subfield code="a">1 CD-ROM</subfield>
  </datafield>
  <datafield tag="650" ind1=" " ind2=" ">
    <subfield code="a">Encuestas de salud</subfield>
    <subfield code="9">20490</subfield>
  </datafield>
  <datafield tag="650" ind1=" " ind2="0">
    <subfield code="a">Salud</subfield>
    <subfield code="z">Colombia</subfield>
    <subfield code="9">13554</subfield>
  </datafield>
  <datafield tag="650" ind1=" " ind2="7">
    <subfield code="a">Estad&#xED;sticas de salud</subfield>
    <subfield code="2">desc</subfield>
    <subfield code="9">27070</subfield>
  </datafield>
  <datafield tag="650" ind1=" " ind2="7">
    <subfield code="a">Estado de salud</subfield>
    <subfield code="2">dcs</subfield>
    <subfield code="9">15822</subfield>
  </datafield>
  <datafield tag="710" ind1="2" ind2="0">
    <subfield code="a">Colciencias</subfield>
    <subfield code="4">aut</subfield>
    <subfield code="0">(viaf)173248635</subfield>
    <subfield code="e">aut</subfield>
    <subfield code="9">825398</subfield>
  </datafield>
  <datafield tag="710" ind1="2" ind2="0">
    <subfield code="a">Pontificia Universidad Javeriana</subfield>
    <subfield code="4">aut</subfield>
    <subfield code="e">aut</subfield>
    <subfield code="9">829933</subfield>
  </datafield>
  <datafield tag="942" ind1=" " ind2=" ">
    <subfield code="c">BOOK</subfield>
  </datafield>
  <datafield tag="999" ind1=" " ind2=" ">
    <subfield code="c">484684</subfield>
    <subfield code="d">484684</subfield>
  </datafield>
  <datafield tag="952" ind1=" " ind2=" ">
    <subfield code="0">0</subfield>
    <subfield code="1">0</subfield>
    <subfield code="4">0</subfield>
    <subfield code="7">0</subfield>
    <subfield code="8">AUDIOVISUA</subfield>
    <subfield code="a">BE</subfield>
    <subfield code="b">BE</subfield>
    <subfield code="d">2009-02-17</subfield>
    <subfield code="e">Material adquirido por donaci&#xF3;n</subfield>
    <subfield code="i">C1033604</subfield>
    <subfield code="l">0</subfield>
    <subfield code="o">WA900 C6-07 CD-ROM</subfield>
    <subfield code="p">61000001148309</subfield>
    <subfield code="r">2023-04-28 00:00:00</subfield>
    <subfield code="t">2</subfield>
    <subfield code="w">2023-04-28</subfield>
    <subfield code="y">DIGITAL</subfield>
  </datafield>
  <datafield tag="952" ind1=" " ind2=" ">
    <subfield code="0">0</subfield>
    <subfield code="1">0</subfield>
    <subfield code="4">0</subfield>
    <subfield code="7">0</subfield>
    <subfield code="8">AUDIOVISUA</subfield>
    <subfield code="a">BE</subfield>
    <subfield code="b">BE</subfield>
    <subfield code="d">2009-02-17</subfield>
    <subfield code="e">Material adquirido por donaci&#xF3;n</subfield>
    <subfield code="i">C1033606</subfield>
    <subfield code="l">0</subfield>
    <subfield code="o">WA900 C6-07 CD-ROM e2</subfield>
    <subfield code="p">61000001148366</subfield>
    <subfield code="r">2023-04-28 00:00:00</subfield>
    <subfield code="t">4</subfield>
    <subfield code="w">2023-04-28</subfield>
    <subfield code="y">DIGITAL</subfield>
  </datafield>
  <datafield tag="952" ind1=" " ind2=" ">
    <subfield code="0">0</subfield>
    <subfield code="1">0</subfield>
    <subfield code="4">0</subfield>
    <subfield code="7">0</subfield>
    <subfield code="8">DIGITAL</subfield>
    <subfield code="a">BR</subfield>
    <subfield code="b">BR</subfield>
    <subfield code="d">2008-10-02</subfield>
    <subfield code="e">Material adquirido por donaci&#xF3;n</subfield>
    <subfield code="i">C1019862</subfield>
    <subfield code="l">0</subfield>
    <subfield code="o">RA407 C6 CD-ROM</subfield>
    <subfield code="p">0728371</subfield>
    <subfield code="r">2023-04-28 00:00:00</subfield>
    <subfield code="t">6</subfield>
    <subfield code="w">2023-04-28</subfield>
    <subfield code="y">DIGITALI</subfield>
  </datafield>
  <datafield tag="952" ind1=" " ind2=" ">
    <subfield code="0">0</subfield>
    <subfield code="1">0</subfield>
    <subfield code="4">0</subfield>
    <subfield code="7">0</subfield>
    <subfield code="8">DIGITAL</subfield>
    <subfield code="a">BR</subfield>
    <subfield code="b">BR</subfield>
    <subfield code="d">2008-10-02</subfield>
    <subfield code="e">Material adquirido por donaci&#xF3;n</subfield>
    <subfield code="i">C1019863</subfield>
    <subfield code="l">0</subfield>
    <subfield code="o">RA407 C6 CD-ROM e2</subfield>
    <subfield code="p">0728370</subfield>
    <subfield code="r">2023-04-28 00:00:00</subfield>
    <subfield code="t">7</subfield>
    <subfield code="w">2023-04-28</subfield>
    <subfield code="y">DIGITAL</subfield>
  </datafield>
</record>
